[Event "OPEN INER 2022"]
[Site "salle des fÃªtes de Saint Deni"]
[Date "2022.10.13"]
[Round "4.4"]
[White "Larmet, Nino"]
[Black "Lee Luen Mang, Stefan"]
[Result "1-0"]
[WhiteElo "2023"]
[BlackElo "1557"]
[PlyCount "101"]
[EventDate "2022.??.??"]
[WhiteTeam "Echiquier de l'Ouest Saint-Paul"]
[BlackTeam "b4 Chess Club"]

1. e4 e5 2. Nf3 Nc6 3. Bb5 a6 4. Ba4 Nf6 5. O-O Be7 6. d3 b5 7. Bb3 O-O 8. Nc3
d6 9. a3 Bg4 10. Be3 Rb8 11. h3 Be6 12. Nd5 Qc8 13. Ng5 Bxd5 14. exd5 Na5 15.
Ba2 Qf5 16. b4 Nb7 17. Qf3 Qg6 18. Ne4 Nxe4 19. dxe4 f5 20. exf5 Rxf5 21. Qg4
Bg5 22. Bxg5 Rxg5 23. Qe6+ Kh8 24. Qxg6 Rxg6 25. c4 Nd8 26. Rac1 Nf7 27. cxb5
axb5 28. Rxc7 Ng5 29. Rfc1 Rf8 30. Rc8 Rgf6 31. Rxf8+ Rxf8 32. Rc6 Nf7 33. Rb6
g5 34. Rxb5 Ra8 35. Ra5 Rc8 36. Ra7 Rc2 37. Rxf7 Rxa2 38. b5 Ra1+ 39. Kh2 Rb1
40. a4 Kg8 41. Rc7 Rb4 42. a5 Rxb5 43. a6 Rxd5 44. a7 Ra5 45. Rc8+ Kf7 46. a8=Q
Rxa8 47. Rxa8 h5 48. Kg3 d5 49. Ra6 d4 50. Kf3 Ke7 51. Ke4 1-0

[Event "OPEN INER 2022"]
[Site "salle des fÃªtes de Saint Deni"]
[Date "2022.10.13"]
[Round "4.5"]
[White "Vadon Ramalanjaona, Mateotia"]
[Black "Lallemand, Philippe"]
[Result "1/2-1/2"]
[WhiteElo "1314"]
[BlackElo "1840"]
[PlyCount "75"]
[EventDate "2022.??.??"]
[WhiteTeam "Echiquier de l'Ouest Saint-Paul"]
[BlackTeam "Les Roys de l'Est"]

1. d4 Nf6 2. Nc3 d5 3. Bf4 c6 4. e3 Bf5 5. f3 e6 6. g4 Bg6 7. h4 h6 8. Bd3 Bxd3
9. Qxd3 Na6 10. a3 Nc7 11. Nge2 Bd6 12. O-O-O Qe7 13. g5 Nh5 14. gxh6 Nxf4 15.
Nxf4 Rxh6 16. h5 O-O-O 17. Rdg1 Qf6 18. Rg4 g5 19. Ng2 Qxf3 20. Rxg5 Rdh8 21.
Rf1 Qh3 22. Ne2 Rxh5 23. Nef4 Bxf4 24. Nxf4 Qxf1+ 25. Qxf1 Rxg5 26. Nd3 f5 27.
Qf4 Rhg8 28. Ne5 R5g7 29. Qh4 a5 30. Qf6 a4 31. Nd3 Rg1+ 32. Kd2 R1g6 33. Qe7
R6g7 34. Qd6 Rg2+ 35. Kd1 Rg1+ 36. Ke2 R1g2+ 37. Kd1 Rg1+ 38. Ke2 1/2-1/2

[Event "OPEN INER 2022"]
[Site "salle des fÃªtes de Saint Deni"]
[Date "2022.10.13"]
[Round "4.6"]
[White "Jotee, Ashvin"]
[Black "Folio, Pierre"]
[Result "0-1"]
[WhiteElo "1815"]
[BlackElo "1432"]
[Annotator "Portable,LRE"]
[PlyCount "25"]
[EventDate "2022.??.??"]
[WhiteTeam "b4 Chess Club"]
[BlackTeam "La Tour Saint Pierroise"]

1. c4 Nf6 2. g3 e6 3. Bg2 d5 4. Nf3 c5 5. b3 Nc6 6. Bb2 Be7 7. O-O O-O 8. e3
Rb8 9. Qe2 d4 10. d3 g6 (10... a6 11. Nbd2 b5 12. exd4 cxd4 13. Ne5 Na7 14. Ne4
Nxe4 15. Bxe4 (15. dxe4 f6 16. Nd3 bxc4 17. bxc4 e5 18. f4 Be6 19. Rfc1 Nc6 20.
c5 Qc7 21. Qd2 Rb5 22. f5 (22. a4 Rb3 23. Ra3 Na5 24. Rc2 Nc4 25. Qd1 Nxa3 26.
Bxa3 Rxd3 27. Bf1 Rc3) 22... Bf7 23. a4 Rb3 24. Ra3 Na5 25. Ra2 (25. Rca1 Nc4
26. Qc1 Nxa3 27. Bxa3 (27. Rxa3 Rxd3 28. Bf1 Rc3 29. Rxc3 dxc3 30. Qxc3 Rc8 31.
Bxa6 Bxc5+) 27... Rxd3 (27... Rxa3) 28. Bf1 Rc3) (25. Rc2 Nc4 26. Qc1 Nxa3 27.
Bxa3 Rxd3 28. Bf1 Rc3 29. Rxc3 dxc3 30. Qxc3 Rc8 31. Bxa6 Bxc5+ 32. Bxc5 Qxc5+)
25... Nc4 26. Qc2) 15... f6 16. Nf3 bxc4 17. dxc4 e5) 11. Nbd2 b5 12. exd4 cxd4
13. Ne5 0-1

[Event "OPEN INER 2022"]
[Site "salle des fÃªtes de Saint Deni"]
[Date "2022.10.13"]
[Round "4.7"]
[White "Sawmynaden, Righen Peroumal"]
[Black "Folio, Thomas"]
[Result "1/2-1/2"]
[WhiteElo "1743"]
[BlackElo "1431"]
[Annotator "Portable,LRE"]
[PlyCount "97"]
[EventDate "2022.??.??"]
[WhiteTeam "b4 Chess Club"]
[BlackTeam "La Tour Saint Pierroise"]

1. d4 e6 2. Nf3 Nf6 3. Bf4 c5 4. c3 Nc6 5. e3 d5 6. Nbd2 Bd6 7. Bg3 O-O 8. Be2
b6 9. O-O cxd4 10. exd4 h6 11. Ne5 Bxe5 12. dxe5 Nd7 13. f4 Nc5 14. Bb5 Ne7 15.
b4 a6 16. Be2 Nd7 17. Bd3 b5 18. Qe2 Nb6 19. Bh4 Na4 20. Rac1 Qb6+ 21. Bf2 Qc7
22. Bb1 Bb7 23. Qd3 g6 24. Nb3 Rac8 25. Bd4 Nf5 26. g4 Nxd4 27. cxd4 Qe7 28.
Nc5 Nxc5 29. Rxc5 Rxc5 30. bxc5 b4 31. Qh3 Kg7 32. f5 Qg5 33. fxg6 fxg6 34.
Rxf8 Kxf8 35. Qf3+ Ke7 36. Bd3 a5 37. Kg2 h5 38. h3 Bc6 39. Kf2 Qd2+ 40. Kg3
Qe1+ 41. Qf2 h4+ 42. Kg2 Qxf2+ 43. Kxf2 g5 44. Ke3 Kd7 45. Kd2 Ba4 46. Kc1 Kc6
47. Ba6 (47. Bg6 Kd7 48. Kd2 Bb5 49. Bd3 Bc4 50. Bxc4 dxc4 51. Kc2 Kc6 52. Kb2
Kd5 53. Kc2 a4 54. Kb2 c3+ 55. Kc2 Kc6 56. a3 b3+ 57. Kxc3) 47... Kd7 48. Kd2
Bc6 49. Bd3 1/2-1/2

[Event "OPEN INER 2022"]
[Site "salle des fÃªtes de Saint Deni"]
[Date "2022.10.13"]
[Round "4.8"]
[White "Desire, Michael"]
[Black "Rosamel, Manua"]
[Result "1-0"]
[WhiteElo "1670"]
[BlackElo "1319"]
[Annotator "Portable,LRE"]
[PlyCount "22"]
[EventDate "2022.??.??"]
[WhiteTeam "Echiquier de l'Ouest Saint-Paul"]
[BlackTeam "Echiquier du Lagon - EDL"]

1. d4 Nf6 2. c4 g6 3. Nc3 d5 4. cxd5 Nxd5 5. e4 Nxc3 6. bxc3 Bg7 7. Qa4+ Bd7 8.
Qb3 (8. Qa3 O-O 9. Bg5 Re8 10. Nf3 Nc6 11. Bc4 Rc8 12. Qb3 Be6 13. Bxe6 fxe6
14. Qxe6+ Kh8 15. Bf4 Rf8 16. Be3 Nb8 17. Ne5 Qe8 18. Nd3 c5 19. Rd1 cxd4 20.
cxd4 Qa4 21. Nf4 Qb4+ 22. Kf1 Rf6 23. Qxc8+) 8... O-O 9. Bg5 Re8 10. Nf3 Nc6
11. Bc4 Rc8 1-0

[Event "OPEN INER 2022"]
[Site "salle des fÃªtes de Saint Deni"]
[Date "2022.10.13"]
[Round "4.9"]
[White "Sawmynaden, Vicken"]
[Black "Folio, Raphael"]
[Result "1-0"]
[WhiteElo "1644"]
[BlackElo "1277"]
[Annotator "Portable,LRE"]
[PlyCount "59"]
[EventDate "2022.??.??"]
[WhiteTeam "b4 Chess Club"]
[BlackTeam "La Tour Saint Pierroise"]

1. d4 d5 2. e3 Nf6 3. Nc3 e6 4. Bd3 c5 5. Nf3 b6 6. Ne5 a6 7. b3 Bb7 8. Qe2 Bd6
9. Bb2 Nc6 10. Nxc6 Bxc6 11. Bxa6 O-O 12. Bb5 Qc7 13. Bd3 Ne4 14. Bxe4 dxe4 15.
Nb5 Bxb5 16. Qxb5 Bxh2 17. dxc5 bxc5 18. Qc4 Be5 19. Qxe4 h6 20. Qxe5 Qxe5 21.
Bxe5 Rfd8 22. O-O Rd2 23. c4 Raxa2 24. Rxa2 Rxa2 25. Rb1 Rd2 26. b4 cxb4 27.
Rxb4 Rc2 28. Bd6 f6 (28... f5 29. c5 Kf7 30. Rb7+ Kf6 31. f4 g5 32. Be5+ Kg6
33. Bd4 Kh5 34. fxg5 hxg5 35. Rb2 Rc4 36. Kf2 Kg4 37. Ke2 e5 38. Kd3 Rc1 39.
Rc2 Rd1+ 40. Ke2 Rg1 41. Kf2 Rh1 42. Bxe5 f4 43. exf4 gxf4 44. Rc4 Kf5 45. Bxf4
Rb1 46. c6 Rb2+ 47. Kg1) 29. c5 Kf7 30. Rb7+ 1-0

[Event "OPEN INER 2022"]
[Site "salle des fÃªtes de Saint Deni"]
[Date "2022.10.13"]
[Round "4.10"]
[White "Lam Kin Cheung, Stephane"]
[Black "Francou, Yvon"]
[Result "0-1"]
[WhiteElo "1199"]
[BlackElo "1639"]
[PlyCount "128"]
[EventDate "2022.??.??"]
[BlackTeam "Club Echiquier du Nord"]

1. e4 c6 2. Nf3 d5 3. d3 dxe4 4. Ng5 exd3 5. Bxd3 Nd7 6. Bc4 e6 7. O-O Be7 8.
Bxe6 Bxg5 9. Qh5 g6 10. Bxd7+ Bxd7 11. Qxg5 Qxg5 12. Bxg5 f6 13. Re1+ Kf7 14.
Be3 Ne7 15. Bc5 Be6 16. Nc3 Rhe8 17. Rad1 b6 18. Bd6 Nf5 19. Bg3 Nxg3 20. hxg3
Bf5 21. Rxe8 Rxe8 22. Rd2 Re1+ 23. Kh2 Rc1 24. Ne2 Rxc2 25. Rxc2 Bxc2 26. Nd4
Be4 27. f3 Bd5 28. a3 a5 29. g4 Ke7 30. Kg3 Kd6 31. b4 axb4 32. axb4 Ke5 33.
Ne2 Bc4 34. f4+ Ke4 35. Nc3+ Kd4 36. Na4 c5 37. bxc5 bxc5 38. Nb6 Bb5 39. Kh4
c4 40. Nxc4 Bxc4 41. g5 f5 42. g4 Be6 43. gxf5 Bxf5 44. Kg3 Ke4 45. Kh4 Be6 46.
Kg3 Bb3 47. Kh4 Kxf4 48. Kh3 Kxg5 49. Kg3 Bc2 50. Kg2 h5 51. Kg3 Kf5 52. Kh4
g5+ 53. Kg3 h4+ 54. Kh2 Kf4 55. Kg2 Bf5 56. Kh2 g4 57. Kg2 Be4+ 58. Kh2 Kg5 59.
Kg1 g3 60. Kf1 h3 61. Kg1 Kf4 62. Kf1 Ke3 63. Ke1 h2 64. Kd1 h1=Q# 0-1

[Event "OPEN INER 2022"]
[Site "salle des fÃªtes de Saint Deni"]
[Date "2022.10.13"]
[Round "4.11"]
[White "Bah, Ismael"]
[Black "Lallemand, Eric"]
[Result "1/2-1/2"]
[WhiteElo "1588"]
[BlackElo "1199"]
[Annotator "Portable,LRE"]
[PlyCount "75"]
[EventDate "2022.??.??"]
[WhiteTeam "Echiquier Beauvaisien"]
[BlackTeam "Les Roys de l'Est"]

1. b4 Nf6 2. Bb2 e6 3. b5 d5 4. e3 c6 5. a4 Be7 6. Nf3 Bd7 7. c4 dxc4 8. Bxc4
Qa5 9. Nc3 Nd5 10. Qb3 Qb4 11. Qa2 O-O 12. Bxd5 exd5 13. Ba3 Qxa3 14. Qxa3 Bxa3
15. Rxa3 a6 16. bxc6 Bxc6 17. O-O Nd7 18. d4 Nb6 19. Ne5 f6 20. Nd3 Nc4 21. Ra2
b6 22. Nb4 Be8 23. Nbxd5 Bf7 24. Nf4 Rac8 25. Nfe2 Bg6 26. e4 Nd2 27. Nd5 Nxf1
28. Ne7+ Kf7 29. Nxc8 Rxc8 30. Kxf1 Bxe4 31. Ng3 Bg6 32. Ke1 Ke6 33. f4 Rc3 34.
Kf2 Kd6 35. f5 Be8 36. Ne2 Rc4 (36... Rc7 37. Ke3 g5 38. g4 Rc4 39. Rb2 (39.
Ra1 b5 40. axb5 Bxb5 41. Ra3 Rc2) 39... b5 40. axb5 Bxb5 41. Rb3) 37. Ke3 g5
38. g4 1/2-1/2

[Event "OPEN INER 2022"]
[Site "salle des fÃªtes de Saint Deni"]
[Date "2022.10.13"]
[Round "4.12"]
[White "Hamon, Christian"]
[Black "Dace, Jean Emeric"]
[Result "0-1"]
[WhiteElo "1956"]
[BlackElo "1649"]
[PlyCount "124"]
[EventDate "2022.??.??"]
[WhiteTeam "Club d'Echecs Labourdonnais"]
[BlackTeam "Echiquier du Lagon - EDL"]

1. Nf3 b6 2. g3 Bb7 3. d4 e6 4. Bg2 d5 5. O-O Nf6 6. c4 Nbd7 7. cxd5 exd5 8.
Nc3 Be7 9. Bf4 a6 10. Rc1 Rc8 11. Ne5 O-O 12. Qb3 c6 13. e4 dxe4 14. Nxe4 Nd5
15. Bd2 Nxe5 16. dxe5 b5 17. Rfd1 Qb6 18. Bg5 Bxg5 19. Nxg5 Rce8 20. Qc2 g6 21.
Re1 Nb4 22. Qb3 a5 23. Ne4 Nd5 24. Nc5 Bc8 25. Bxd5 cxd5 26. Qxd5 Rd8 27. Qb3
Bh3 28. Ne4 Qb7 29. Qe3 Kg7 30. f3 Be6 31. Nd6 Qb8 32. b3 a4 33. Rc5 axb3 34.
axb3 Qa8 35. Rxb5 Rb8 36. Rxb8 Rxb8 37. Ne4 Rxb3 38. Qf2 Qa3 39. Nd2 Rb2 40. g4
h6 41. Re2 Qa1+ 42. Kg2 Qa2 43. Kf1 Bc8 44. Qd4 Be6 45. Qc3 Rb8 46. Kf2 Rc8 47.
Qe3 Qa5 48. Qd4 Rd8 49. Qe3 Qb5 50. Qf4 Rd3 51. Qf6+ Kg8 52. Ne4 Qb6+ 53. Kg2
Rd1 54. Rf2 Rd5 55. Qf4 Kg7 56. h4 Rd4 57. h5 g5 58. Qf6+ Kh7 59. Qe7 Kg7 60.
Nd6 Rxg4+ 61. fxg4 Bd5+ 62. Kg3 Qe3+ 0-1

[Event "OPEN INER 2022"]
[Site "salle des fÃªtes de Saint Deni"]
[Date "2022.10.13"]
[Round "4.13"]
[White "Cavillot-Delestage, Raphael"]
[Black "Frelicot, Eric"]
[Result "0-1"]
[WhiteElo "1155"]
[BlackElo "1560"]
[PlyCount "44"]
[EventDate "2022.??.??"]
[WhiteTeam "Club Echiquier du Nord"]
[BlackTeam "Club Echiquier du Nord"]

1. e4 d6 2. d4 Nf6 3. Nc3 g6 4. Bc4 Bg7 5. Nf3 O-O 6. h3 Nxe4 7. Bxf7+ Rxf7 8.
Nxe4 h6 9. O-O Nd7 10. Be3 Nf6 11. Nxf6+ Rxf6 12. Qd2 Qf8 13. Rfe1 Bxh3 14.
gxh3 Rxf3 15. Kh2 Qf5 16. Kg1 Qxh3 17. Qd3 Qg4+ 18. Kf1 Rh3 19. Qb3+ e6 20.
Qxb7 d5 21. Qxa8+ Kh7 22. f3 Qxf3+ 0-1

[Event "OPEN INER 2022"]
[Site "salle des fÃªtes de Saint Deni"]
[Date "2022.10.13"]
[Round "4.14"]
[White "Giraud, Marius"]
[Black "Epinoux, Jean-Marc"]
[Result "0-1"]
[WhiteElo "1063"]
[BlackElo "1640"]
[PlyCount "82"]
[EventDate "2022.??.??"]
[WhiteTeam "Club Echiquier du Nord"]
[BlackTeam "Echiquier du Lagon - EDL"]

1. e4 c6 2. Nc3 e6 3. Nf3 d5 4. exd5 cxd5 5. d4 Bb4 6. Bd2 Nf6 7. Bb5+ Bd7 8.
Bd3 Nc6 9. O-O O-O 10. a3 Be7 11. Ne2 Qc7 12. c3 Ne4 13. Qc2 f5 14. Bf4 Bd6 15.
Be3 Be8 16. Qd1 Bh5 17. Nc1 Bxh2+ 18. Kh1 Bd6 19. c4 f4 20. Bd2 Nxd4 21. Be2
Nxf3 22. Bxf3 Bxf3 23. gxf3 Nxd2 24. Qxd2 Qxc4 25. Rg1 Rf6 26. b3 Qc7 27. Qd4
Be5 28. Qd2 Rh6+ 29. Kg2 Rg6+ 30. Kh1 Rxg1+ 31. Kxg1 Bxa1 32. Ne2 Rc8 33. Qb4
Be5 34. Qa4 Qc6 35. Qxa7 Qa6 36. Qxa6 bxa6 37. a4 Rc2 38. Nxf4 Bxf4 39. b4 Ra2
40. b5 a5 41. b6 Rb2 0-1

[Event "OPEN INER 2022"]
[Site "salle des fÃªtes de Saint Deni"]
[Date "2022.10.13"]
[Round "4.15"]
[White "Hoarau, Antoine"]
[Black "Naquin, Miguel"]
[Result "1-0"]
[WhiteElo "1246"]
[BlackElo "1099"]
[Annotator "Portable,LRE"]
[PlyCount "71"]
[EventDate "2022.??.??"]
[WhiteTeam "Club Echiquier du Nord"]
[BlackTeam "Club Echiquier du Nord"]

1. d4 d5 2. Bf4 Nc6 3. e3 Bf5 4. c3 Nf6 5. Nf3 e6 6. Nbd2 Be7 7. h3 O-O 8. Be2
h6 9. O-O Re8 10. Bb5 a6 11. Bxc6 bxc6 12. Ne5 Bd6 13. Nxc6 Qd7 14. Bxd6 Qxd6
15. Na5 Qb6 16. Nab3 Nd7 17. Qe2 e5 18. Rfc1 Rac8 19. Qd1 c5 20. dxc5 Nxc5 21.
Nxc5 Qxc5 22. Nb3 Qb5 23. Qd2 Rcd8 24. Rd1 Be6 25. Qd3 Qb6 26. Rd2 g6 27. Nc1
Bf5 28. Qe2 e4 29. Nb3 a5 30. Nd4 Bc8 31. Qb5 Qc7 32. Qc6 Qe7 33. Qb6 Rd7 (
33... Rd6 34. Qxa5 Qg5 35. Kh1 Qf6 36. Qb5 Bd7 37. Qe2 h5 38. Rc2 Bc8 39. b4
Kg7 40. a4 Kh6 41. b5 g5 42. g3 Bxh3 43. a5 g4 44. a6 h4 45. gxh4 Re5 46. a7
Qxh4 47. a8=Q Bf1+ 48. Kg1 Bxe2 49. Qh8+ Kg5 50. Qxh4+ Kxh4 51. Rxe2 g3 52.
fxg3+ Kxg3 53. Rg2+ Kh3 54. Ra8 Rh6 55. Rh2+ Kg4 56. Rxh6 Kg5 57. Rah8 Kg4 58.
Rh4+ Kg5 (58... Kg3 59. b6 f5 60. R4h6 Re8 61. Rg6#) 59. b6 f5 60. R4h6 Re8)
34. Qxa5 Qg5 35. Kh1 Qf6 36. Qb5 1-0

[Event "OPEN INER 2022"]
[Site "salle des fÃªtes de Saint Deni"]
[Date "2022.10.13"]
[Round "4.16"]
[White "Fondrat, Thierry"]
[Black "Boyer, Mathis"]
[Result "0-1"]
[WhiteElo "1217"]
[BlackElo "1190"]
[Annotator "Portable,LRE"]
[PlyCount "99"]
[EventDate "2022.??.??"]
[WhiteTeam "Club d'Echecs Labourdonnais"]
[BlackTeam "C.E. de L'Etang Sale"]

1. e4 e6 2. d4 d5 3. e5 c5 4. c3 Nc6 5. Nf3 Nge7 6. Be2 Nf5 7. O-O Be7 8. Na3
cxd4 9. cxd4 Bxa3 10. bxa3 O-O 11. Rb1 h6 12. a4 Rb8 13. Bb5 Bd7 14. Re1 a6 15.
Bf1 Nce7 16. g4 Qa5 17. gxf5 Bxa4 18. Qd2 Qxd2 19. Bxd2 Nxf5 20. Rec1 f6 21.
exf6 Rxf6 22. Bf4 Re8 23. Be5 Rf7 24. Rc7 b5 25. Rxf7 Kxf7 26. Rc1 Re7 27. Bd3
g6 28. h4 Ng7 29. Bd6 Ra7 30. Ne5+ Kf6 31. Nxg6 Nf5 32. h5 Nxd6 33. Ne5 b4 34.
Kh2 Bb5 35. Bb1 Bc4 36. f3 Rc7 37. Rg1 Rg7 38. Ng4+ Ke7 39. Bg6 Bxa2 40. Nxh6
Nb5 41. Ng4 Nxd4 42. Ne5 Kf6 43. f4 Nf5 44. Ng4+ Ke7 45. h6 Nxh6 46. Nxh6 b3
47. f5 b2 48. Re1 Rxg6 49. fxg6 Kf6 (49... Kf8 50. Ng4 b1=Q) 50. Ng4+ 0-1

[Event "OPEN INER 2022"]
[Site "salle des fÃªtes de Saint Deni"]
[Date "2022.10.13"]
[Round "4.17"]
[White "Cavillot-Delestage, Honore"]
[Black "Bonin, Malo"]
[Result "0-1"]
[WhiteElo "1009"]
[BlackElo "1199"]
[Annotator "Portable,LRE"]
[PlyCount "24"]
[EventDate "2022.??.??"]
[WhiteTeam "Club Echiquier du Nord"]
[BlackTeam "Club Echiquier du Nord"]

1. e4 e5 2. f4 exf4 3. Nf3 Nc6 4. d3 Bc5 5. Bxf4 d6 6. Nc3 Bd7 7. Qd2 Qe7 8.
Be2 Nf6 (8... f6 9. O-O-O O-O-O 10. Rhe1 g5 11. Be3 Bxe3 12. Qxe3 Nh6 13. Nd5
Qf7 14. Kb1 Kb8 15. a3 Be6 16. Nd4 Rhe8 17. Nxc6+ bxc6 18. Nc3 d5 19. Qd4 Qe7
20. exd5 cxd5 21. Nb5 c6 22. Qxa7+ Qxa7 23. Nxa7 Kxa7 24. Bh5 Bf7 25. Rxe8 Bxh5
26. Re7+ Kb6 27. Rde1 Bg6 28. b4 Ng4 29. h3 Ne5 30. d4 Nc4 31. a4 Ra8 32. a5+
Kb5 33. Rb7+ Ka4 34. Ka2 Bxc2 35. Re2 Bf5 36. g4 Bc8 37. Rxh7 Kxb4 38. Rhe7
Rxa5+ 39. Kb1 Ba6 40. Re1 Kb3 41. R1e2 Na3+ 42. Kc1 Bxe2 43. Rxe2 Kc3 44. Ra2
Kxd4 45. Kd2 Nc4+ 46. Kc2 Rxa2+ 47. Kb3 Rb2+ 48. Ka4 Kc5 49. h4 Nd2 50. Ka3 Rb1
(50... Rb8 51. hxg5 Kc4 52. gxf6 Nb1+ 53. Ka4 Ra8#) 51. hxg5 Kc4 (51... Kb5 52.
gxf6 Nc4+) 52. gxf6) 9. O-O-O O-O-O 10. Rhe1 g5 11. Be3 Bxe3 12. Qxe3 Nh5 0-1

[Event "OPEN INER 2022"]
[Site "salle des fÃªtes de Saint Deni"]
[Date "2022.10.13"]
[Round "4.18"]
[White "Khantalin, Serafim"]
[Black "Daoudjee, Hishame"]
[Result "0-1"]
[WhiteElo "1009"]
[BlackElo "1199"]
[Annotator "Portable,LRE"]
[PlyCount "7"]
[EventDate "2022.??.??"]
[WhiteTeam "Club Echiquier du Nord"]
[BlackTeam "Maison des Jeunes et de la Culture de St Beno"]

1. e4 b6 (1... d6 2. Nc3 Nf6 3. d4 g6 4. Bb5+ Nbd7 5. e5 c6 6. exf6 cxb5 7. Nd5
exf6 8. Qe2+ Be7 9. Bh6 Qa5+ 10. b4 Qd8 11. Bg7 Nb6 12. Qxb5+ Bd7 13. Qe2 Nxd5
14. Bxh8 Kf8 15. Qe4 Bc6 16. Qh4 h5 17. O-O-O Kg8 18. Qe4 Kxh8 19. Nf3 Nxb4 20.
d5 Nxa2+ 21. Kb1 Nc3+ 22. Kc1 Nxe4 23. Rhe1 Bxd5 24. Rxd5 Nxf2 25. Re2 Ng4 26.
h3 Ne5 27. Rd4 Qa5 28. g4 Nxf3 29. Rde4 Re8 30. gxh5 gxh5 31. Rg2 Nd4 32. Rh4
Rg8 33. Rd2 Rg1+ 34. Rd1 Qa1+ 35. Kd2 Qxd1+ 36. Ke3 Re1+ 37. Kf2 Qxc2+ 38. Kg3
Nf5+ 39. Kf4 Nxh4 40. Kg3 Nf5+ 41. Kf3 Re3+ 42. Kf4 Qe4#) 2. Nc3 Nf6 3. d4 g6
4. Bb5 0-1

[Event "OPEN INER 2022"]
[Site "salle des fÃªtes de Saint Deni"]
[Date "2022.10.13"]
[Round "4.19"]
[White "Hichari, Lotfi"]
[Black "Lai-Cheung-Kit, Lucie"]
[Result "1-0"]
[WhiteElo "1199"]
[BlackElo "1009"]
[PlyCount "49"]
[EventDate "2022.??.??"]
[WhiteTeam "Echiquier de l'Ouest Saint-Paul"]
[BlackTeam "Club Echiquier du Nord"]

1. d4 d5 2. c4 dxc4 3. e4 e6 4. Bxc4 Bb4+ 5. Bd2 Nc6 6. Bxb4 Nxb4 7. Qa4+ Bd7
8. Qxb4 Nf6 9. Nc3 c6 10. Rd1 Qc7 11. Nf3 O-O-O 12. O-O Rhe8 13. e5 Nh5 14. Na4
Re7 15. Nc5 Rde8 16. a4 b6 17. Na6 Qb7 18. Rc1 b5 19. axb5 cxb5 20. Bxb5+ Bc6
21. Rxc6+ Kd8 22. Qa5+ Kd7 23. Rc7+ Kd8 24. Rxb7+ Kc8 25. Rb8# 1-0

[Event "OPEN INER 2022"]
[Site "salle des fÃªtes de Saint Deni"]
[Date "2022.10.13"]
[Round "4.20"]
[White "Lebihan, Mahe"]
[Black "Giraud, Dimitri"]
[Result "1/2-1/2"]
[WhiteElo "1199"]
[BlackElo "1054"]
[PlyCount "145"]
[EventDate "2022.??.??"]
[WhiteTeam "Maison des Jeunes et de la Culture de St Beno"]
[BlackTeam "Club Echiquier du Nord"]

1. e4 e5 2. Nf3 Nc6 3. Bc4 Nf6 4. d3 Bc5 5. O-O d6 6. h3 h6 7. c3 Be6 8. Nbd2
d5 9. exd5 Bxd5 10. b4 Bxc4 11. Nxc4 Bd6 12. Re1 Nd5 13. Bb2 Nf4 14. Nfxe5
Nxh3+ 15. gxh3 Qg5+ 16. Ng4+ Kf8 17. Nxd6 cxd6 18. Kf1 Qh4 19. Qf3 h5 20. Nh2
Ne5 21. Rxe5 dxe5 22. Re1 Re8 23. c4 f6 24. Bxe5 Kg8 25. Qg3 Qxg3 26. Bxg3 Rd8
27. Rd1 g5 28. Nf3 g4 29. hxg4 hxg4 30. Ne1 f5 31. d4 Rh3 32. d5 Kf7 33. Rd3
Re8 34. f4 Re4 35. c5 Rxb4 36. c6 bxc6 37. d6 Rb2 38. Kg1 Rb1 39. Kf2 Rb2+ 40.
Kg1 Rb1 41. d7 Rxg3+ 42. Rxg3 Rxe1+ 43. Kf2 Rd1 44. Rc3 Rxd7 45. Rxc6 Rd2+ 46.
Kg3 Rxa2 47. Rc7+ Kg6 48. Rc6+ Kh5 49. Rc5 Ra3+ 50. Kg2 Kg6 51. Rc6+ Kf7 52.
Rc5 Ke6 53. Re5+ Kf6 54. Rc5 Re3 55. Rc6+ Re6 56. Rc5 Rd6 57. Rc4 a5 58. Ra4
Rd5 59. Kg3 Rc5 60. Ra3 Ke6 61. Rd3 a4 62. Kh4 Rd5 63. Ra3 Rd4 64. Kg5 Rb4 65.
Re3+ Kd5 66. Kxf5 Rb3 67. Re5+ Kd4 68. Kxg4 a3 69. Ra5 Kc4 70. f5 Kb4 71. Ra8
Rb2 72. f6 Rg2+ 73. Kf5 1/2-1/2

[Event "OPEN INER 2022"]
[Site "salle des fÃªtes de Saint Deni"]
[Date "2022.10.13"]
[Round "4.21"]
[White "Molines, Martin"]
[Black "Lai-Cheung-Kit, Guillaume"]
[Result "0-1"]
[WhiteElo "1037"]
[BlackElo "1011"]
[PlyCount "56"]
[EventDate "2022.??.??"]
[WhiteTeam "Club Echiquier du Nord"]
[BlackTeam "Club Echiquier du Nord"]

1. e4 d5 2. exd5 Nf6 3. d4 Nxd5 4. Nf3 Bg4 5. h3 Bh5 6. Be3 Nxe3 7. fxe3 e6 8.
a3 Nc6 9. Bb5 a6 10. Ba4 Bd6 11. g4 Bg6 12. Rg1 h6 13. Nc3 Be4 14. Nxe4 O-O 15.
Nxd6 cxd6 16. Qd2 Qf6 17. Rf1 Rad8 18. O-O-O e5 19. Bxc6 bxc6 20. Qc3 e4 21.
Ne5 Qh4 22. Nxc6 Rc8 23. Rh1 Rc7 24. d5 Rb8 25. Qa5 Rbc8 26. Qxa6 Qf2 27. Ne7+
Kh7 28. Nxc8 Qxc2# 0-1

[Event "OPEN INER 2022"]
[Site "salle des fÃªtes de Saint Deni"]
[Date "2022.10.13"]
[Round "4.22"]
[White "Cheung, Gerard"]
[Black "Lam Kin Cheung, Youn Ha"]
[Result "1-0"]
[WhiteElo "1199"]
[BlackElo "1199"]
[PlyCount "95"]
[EventDate "2022.??.??"]
[WhiteTeam "Club Echiquier du Nord"]

1. Nf3 e6 2. b3 d5 3. Bb2 c5 4. c4 Nc6 5. cxd5 Nf6 6. dxc6 Bd6 7. cxb7 Bxb7 8.
e3 O-O 9. d4 cxd4 10. Bxd4 Ng4 11. h3 Nh6 12. Be2 Bxf3 13. Bxf3 Nf5 14. Bxa8
Qxa8 15. Nd2 Qxg2 16. Qf3 Qxf3 17. Nxf3 e5 18. Bxa7 Ra8 19. Bb6 Rb8 20. Ba5 Ra8
21. Bd2 Bc5 22. Ke2 e4 23. Ng5 Ra7 24. h4 g6 25. Nxe4 h6 26. h5 gxh5 27. Nxc5
Rc7 28. Nd3 Ng7 29. Rh4 Re7 30. Bc3 f6 31. Bxf6 Rf7 32. Bxg7 Rxg7 33. Rxh5 Kf7
34. Rxh6 Ke7 35. Rah1 Kf8 36. Rh8+ Ke7 37. R1h7 Rxh7 38. Rxh7+ Kf6 39. Rh5 Kg7
40. Re5 Kf6 41. b4 Kg7 42. b5 Kf6 43. b6 Kg7 44. b7 Kg6 45. b8=Q Kf7 46. Qd6
Kg8 47. Re7 Kf8 48. Qd8# 1-0

[Event "OPEN INER 2022"]
[Site "salle des fÃªtes de Saint Deni"]
[Date "2022.10.13"]
[Round "4.23"]
[White "Erudel, Maeva"]
[Black "Gauthier, Keanu"]
[Result "1/2-1/2"]
[WhiteElo "1411"]
[BlackElo "1099"]
[PlyCount "66"]
[EventDate "2022.??.??"]
[WhiteTeam "Club Echiquier du Nord"]
[BlackTeam "Echiquier de l'Ouest Saint-Paul"]

1. d4 d5 2. e3 Nf6 3. Nd2 Nc6 4. f4 g6 5. Ngf3 Bg7 6. b3 O-O 7. h3 e6 8. Bb2 a6
9. c4 Re8 10. Be2 b6 11. O-O Bb7 12. Qc2 Qd7 13. Rac1 Re7 14. Qc3 Rc8 15. Bd3
a5 16. a3 h6 17. e4 dxe4 18. Nxe4 Na7 19. d5 Nh5 20. Ne5 f5 21. dxe6 Qxe6 22.
Nd2 Rce8 23. Rce1 Nc6 24. Qc1 Nxe5 25. fxe5 Qc6 26. Nf3 Bxe5 27. Bxe5 Rxe5 28.
Rxe5 Rxe5 29. Qd2 Qc5+ 30. Kh2 Bxf3 31. Rxf3 Kg7 32. Bc2 Qd6 33. Rd3 Qc5
1/2-1/2

[Event "OPEN INER 2022"]
[Site "salle des fÃªtes de Saint Deni"]
[Date "2022.10.13"]
[Round "4.24"]
[White "Khantalina, Ilariya"]
[Black "Sandjivy, Jean Marc"]
[Result "0-1"]
[WhiteElo "1099"]
[BlackElo "1222"]
[Annotator "Portable,LRE"]
[PlyCount "11"]
[EventDate "2022.??.??"]
[WhiteTeam "Club Echiquier du Nord"]
[BlackTeam "Club d'Echecs Labourdonnais"]

1. e4 e6 2. d4 c6 (2... d6 3. Nf3 Ne7 4. Nc3 b6 5. Bd3 Bb7 6. Bf4 Nd7 7. Qe2 h6
8. e5 dxe5 9. dxe5 Nc6 10. O-O Bc5 11. Rfe1 Nd4 12. Nxd4 Bxd4 13. Bb5 c6 14.
Ba6 Bxa6 15. Qxa6 b5 16. Qa3 a5 17. Qd6 Bxc3 18. bxc3 c5 19. Qc6 Rb8 20. Rad1
Rb6 21. Qe4 O-O 22. Qd3 Rb7 23. Be3 Qc7 24. Bf4 Rd8 25. Qg3 Kh7 26. Qg4 c4 27.
Qh3 Rbb8 28. g4 g5 29. Bg3 Nc5 30. Qg2 Rxd1 31. Rxd1 Rd8 32. Rxd8 Qxd8 33. Qc6
Qd1+ 34. Kg2 Na4 35. Qxb5 Nxc3 36. Qxc4 Ne2 37. Qe4+ Kg7 38. h4 Qg1+ 39. Kf3
Nxg3 40. fxg3 Qd1+ 41. Qe2 Qd5+ 42. Qe4 Qxa2 43. hxg5 Qa3+ 44. Ke2 hxg5 45. Qa8
Qc5 46. Qe4 Qb5+ 47. Qd3 Qxe5+ 48. Kf2 Qc5+ 49. Ke2 a4 50. Kf1 a3 51. Qb3 Qd6
52. Qc3+ f6 53. Qb3 Qa6+ 54. Ke1 a2 55. Kd2 a1=Q 56. Qb4 Q1a5 57. c3 Qxb4 58.
cxb4 Qc4 59. Ke3 Qxb4 60. Kd3 Qxg4 61. Kc3 Qxg3+ 62. Kc4 f5 63. Kd4 f4 64. Ke5
Qe3+ 65. Kd6 f3 66. Kc6 Qd3 67. Kc5 f2 68. Kc6 f1=Q 69. Kc7 Qc1+ 70. Kb6 Qb3+
71. Ka5 Qa1#) 3. Nf3 Ne7 4. Nc3 b6 5. Bd3 Bb7 6. Bf4 0-1